000 00811nmc a2200325 a 4500
003 AR-BaBNM
005 20251128210928.0
008 021120s1999 ||||||||||||||000 | spa||
020 _a950-11-1409-0
040 _cAR-BaBNM
245 1 0 _aClásicos argentinos
260 _aBuenos Aires
_bSigmar
_c1999
300 0 _a70 p.
490 0 _aClásicos juveniles
_vv. 6
650 4 _aLITERATURA ARGENTINA
650 4 _aCUENTOS
650 4 _aSIGLO DIECINUEVE
650 4 _aESCRITORES
650 4 _aANTOLOGIAS
653 0 _aNARRATIVA
655 _aLITERATURA
700 1 _aHernández, José
700 1 _aWilde, Eduardo
700 1 _aCané, Miguel
700 1 _aHudson, Guillermo Enrique
700 1 _aGroussac, Paul
800 1 _aColella, Olga
_ecoordinador
942 _cBK
998 _cMARTIN
999 _c17506
_d17506